[Event "Championnat de France - Vétérans"]
[Site "PAU"]
[Date "2012.08.16"]
[Round "3.8"]
[White "Zurano, Alberto"]
[Black "Andrieu, Philippe"]
[Result "0-1"]
[WhiteElo "1830"]
[BlackElo "1890"]
[PlyCount "74"]

1. e4 c5 2. Nf3 b6 3. d4 cxd4 4. Nxd4 Bb7 5. Nc3 g6 6. Be3 Bg7 7. Qd2 Nc6 8.
O-O-O Nf6 9. f3 O-O 10. Nb3 Rc8 11. Bh6 Nb4 12. Bxg7 Kxg7 13. a3 Nc6 14. g4 Ne5
15. Be2 d6 16. h4 h5 17. g5 Nfd7 18. f4 Nc4 19. Bxc4 Rxc4 20. Rhe1 Qc8 21. Qe3
Nc5 22. Nxc5 Rxc5 23. Rd2 Qe6 24. Kb1 Rfc8 25. Rd3 b5 26. Red1 a5 27. R1d2 b4
28. axb4 axb4 29. Qd4+ Kh7 30. Qxb4 Ba6 31. Rg3 R8c7 32. Qd4 Bb7 33. b3 Qc8 34.
Kb2 Ba6 35. Rf2 R7c6 36. f5 gxf5 37. exf5 Rxf5 0-1

[Event "Championnat de France - Vétérans"]
[Site "PAU"]
[Date "2012.08.16"]
[Round "3.9"]
[White "Violeau, Jean-Luc"]
[Black "Leblic, Pierre"]
[Result "1-0"]
[WhiteElo "1887"]
[BlackElo "1702"]
[PlyCount "55"]

1. Nf3 Nf6 2. c4 g6 3. d4 Bg7 4. Nc3 d5 5. e3 c6 6. Bd2 O-O 7. Rc1 Nbd7 8. cxd5
cxd5 9. Bd3 e6 10. O-O Nb6 11. Nb5 Bd7 12. Bb4 Bxb5 13. Bxb5 Re8 14. Bxe8 Nxe8
15. Rc2 a5 16. Bd2 Nc4 17. Qc1 Bf8 18. Ne5 b5 19. Nxc4 bxc4 20. b3 Nd6 21. Bc3
Rb8 22. Qa3 Rb5 23. Qa4 Qb6 24. Rfc1 Be7 25. Rb2 Nb7 26. Rcc2 Bb4 27. bxc4 dxc4
28. a3 1-0

[Event "Championnat de France - Vétérans"]
[Site "PAU"]
[Date "2012.08.16"]
[Round "3.10"]
[White "Mounier, Michel"]
[Black "Engel, Gerard"]
[Result "1/2-1/2"]
[WhiteElo "1870"]
[BlackElo "1676"]
[PlyCount "113"]

1. e4 c5 2. c3 Nc6 3. d4 cxd4 4. cxd4 e6 5. Nf3 Nf6 6. Nc3 d5 7. e5 Ne4 8. Bd3
Bb4 9. Qc2 f5 10. exf6 Qxf6 11. Bxe4 dxe4 12. Qxe4 O-O 13. O-O Qf5 14. Be3 Bd7
15. Rad1 Bxc3 16. Qxf5 Rxf5 17. bxc3 Ne7 18. Rb1 b6 19. Ne5 Rd8 20. g4 Rff8 21.
Bg5 Rfe8 22. f4 Ba4 23. Rb4 Bc2 24. Bxe7 Rxe7 25. Nc6 Rde8 26. Nxe7+ Rxe7 27.
Re1 Kf7 28. Rb2 Bd3 29. Re3 Bc4 30. Kf2 Rd7 31. Kg3 b5 32. Rf2 g6 33. h4 Kg7
34. Re5 Rd6 35. f5 gxf5 36. gxf5 exf5 37. Rfxf5 Bd3 38. Re7+ Kh6 39. Rfe5 Rg6+
40. Kf4 Rf6+ 41. Ke3 Bc4 42. Rxa7 Rg6 43. Rg5 Re6+ 44. Kf4 Bd3 45. Rb7 Bg6 46.
Re5 Rf6+ 47. Kg4 Rc6 48. Re3 Ra6 49. Rxb5 Rxa2 50. Re6 Kg7 51. h5 Bf7 52. h6+
Kh8 53. Rb8+ Bg8 54. Ree8 Rg2+ 55. Kf4 Rg4+ 56. Kf5 Rg5+ 57. Kxg5 1/2-1/2

[Event "Championnat de France - Vétérans"]
[Site "PAU"]
[Date "2012.08.17"]
[Round "4.1"]
[White "Giffard, Nicolas"]
[Black "Tilquin, Jean-Pierre"]
[Result "1-0"]
[WhiteElo "2363"]
[BlackElo "2000"]
[PlyCount "45"]

1. Nf3 Nf6 2. c4 g6 3. b3 c6 4. Bb2 d5 5. cxd5 cxd5 6. Bxf6 exf6 7. d4 Bg4 8.
a3 Bg7 9. e3 O-O 10. Be2 Be6 11. O-O f5 12. Nc3 Nd7 13. Qd3 Nf6 14. Rfc1 Ne4
15. Na4 Qe7 16. b4 Rfc8 17. Nc5 b6 18. Na6 Rxc1+ 19. Rxc1 Rc8 20. Rxc8+ Bxc8
21. Qc2 Qb7 22. Nc7 Bd7 23. Ba6 1-0

[Event "Championnat de France - Vétérans"]
[Site "PAU"]
[Date "2012.08.17"]
[Round "4.2"]
[White "Ruiz, Richard"]
[Black "Hoyer, Hans-Gerd"]
[Result "0-1"]
[WhiteElo "2119"]
[BlackElo "1990"]
[PlyCount "90"]

1. d4 d6 2. Nc3 Nf6 3. Nf3 Bg4 4. Qd3 c6 5. e4 e6 6. Be2 Be7 7. a4 Na6 8. a5
Nb4 9. Qd1 b6 10. axb6 Qxb6 11. O-O O-O 12. Be3 Bxf3 13. gxf3 a5 14. Qd2 Qc7
15. Kh1 e5 16. Rg1 g6 17. Nd1 exd4 18. Bxd4 c5 19. Bc3 d5 20. Bxf6 Bxf6 21. c3
Nc6 22. exd5 Rfd8 23. Ne3 Ne7 24. Rad1 Be5 25. Rg2 Bf4 26. c4 Nf5 27. Qd3 Nd4
28. Nc2 Re8 29. Nxd4 cxd4 30. Bf1 Be5 31. f4 Bg7 32. f5 Rab8 33. fxg6 hxg6 34.
b3 Re7 35. Be2 Rbe8 36. Bf3 Qf4 37. Rg4 Re1+ 38. Kg2 Qh6 39. Rxe1 Rxe1 40. c5
Be5 41. h3 Qc1 42. Be2 Rg1+ 43. Kf3 Rxg4 44. hxg4 Qf4+ 45. Kg2 Qh2+ 0-1

[Event "Championnat de France - Vétérans"]
[Site "PAU"]
[Date "2012.08.17"]
[Round "4.3"]
[White "Darrigues, Alain"]
[Black "Weill, Roland"]
[Result "0-1"]
[WhiteElo "1955"]
[BlackElo "2185"]
[PlyCount "142"]

1. d4 Nf6 2. c4 e6 3. Nc3 Bb4 4. e3 c5 5. Bd3 Bxc3+ 6. bxc3 d6 7. Nf3 Nc6 8.
O-O e5 9. Nd2 O-O 10. Ne4 Nxe4 11. Bxe4 f5 12. Bd5+ Kh8 13. Bxc6 bxc6 14. dxc5
dxc5 15. Qxd8 Rxd8 16. Ba3 Be6 17. f4 Bxc4 18. Rf2 Rd5 19. fxe5 Rxe5 20. Rd1 h6
21. h4 Rb8 22. Rfd2 Rd5 23. Rxd5 Bxd5 24. c4 Bxc4 25. Bxc5 Bd5 26. Rd2 a5 27.
Kf2 Kg8 28. Bd4 a4 29. a3 Rb3 30. Rb2 Rxa3 31. Rb8+ Kh7 32. g3 Rb3 33. Rxb3
axb3 34. Ke1 c5 35. Be5 Kg6 36. Kd2 Kf7 37. Bd6 c4 38. Kc3 g5 39. hxg5 hxg5 40.
Bc7 Ke6 41. Bb8 Be4 42. Bc7 Bd3 43. Bd8 g4 44. Bc7 Kd5 45. Bf4 Ke4 46. Bh6 Kf3
47. Bf4 Ke2 48. Bg5 Kd1 49. Kb2 Be4 50. Bf6 Kd2 51. Bd4 Bc2 52. Bf6 Kxe3 53.
Kc3 Bd3 54. Bg5+ Ke4 55. Bf4 Kd5 56. Be3 Kc6 57. Bf4 Kb5 58. Be5 Ka4 59. Kb2
Be4 60. Bd6 Bd5 61. Be5 c3+ 62. Bxc3 f4 63. gxf4 g3 64. Bd4 Kb4 65. f5 Kc4 66.
Bg1 Kd3 67. Bc5 Ke2 68. Kc3 g2 69. f6 Kf1 70. Bd4 g1=Q 71. Bxg1 Kxg1 0-1

[Event "Championnat de France - Vétérans"]
[Site "PAU"]
[Date "2012.08.17"]
[Round "4.4"]
[White "Andrieu, Philippe"]
[Black "Violeau, Jean-Luc"]
[Result "0-1"]
[WhiteElo "1890"]
[BlackElo "1887"]
[PlyCount "108"]

1. d4 d5 2. Nc3 e6 3. e4 Nf6 4. Bg5 Bb4 5. e5 h6 6. exf6 hxg5 7. fxg7 Rg8 8.
Qh5 Qf6 9. Nf3 Qxg7 10. Ne5 Bd7 11. Bd3 Nc6 12. Nxd7 Kxd7 13. a3 Bd6 14. O-O-O
Nxd4 15. Qg4 c6 16. Ne2 Nxe2+ 17. Qxe2 Rad8 18. c4 dxc4 19. Bxc4 Kc7 20. g3 Qe5
21. Qf3 Qg7 22. Rd3 Be5 23. Rb3 Qf6 24. Qe2 Bd4 25. Rf3 Qe7 26. Rd1 Rd6 27.
Rfd3 Rgd8 28. Qd2 e5 29. Qb4 Qd7 30. Qa5+ Kb8 31. Qd2 e4 32. Rxd4 Rxd4 33. Qxd4
Qxd4 34. Rxd4 Rxd4 35. Bxf7 Kc7 36. Kc2 Rd6 37. h4 gxh4 38. gxh4 Rf6 39. Bg8
Rxf2+ 40. Kc3 Rh2 41. Kd4 Rxh4 42. Bf7 Kd6 43. b3 c5+ 44. Kc4 b6 45. a4 Rh7 46.
Bg6 Re7 47. Bh5 Ke5 48. Kc3 Rd7 49. Kc4 Kf4 50. Be8 Rd4+ 51. Kb5 e3 52. Bh5
Rb4+ 53. Kc6 Rxb3 54. Kb7 Rb2 0-1

[Event "Championnat de France - Vétérans"]
[Site "PAU"]
[Date "2012.08.17"]
[Round "4.5"]
[White "Marbot, Raymond"]
[Black "Dussol, Pierre"]
[Result "0-1"]
[WhiteElo "1822"]
[BlackElo "2210"]
[PlyCount "58"]

1. e4 g6 2. d4 Bg7 3. Nc3 d6 4. Be3 a6 5. Qd2 Nd7 6. f3 b5 7. Nh3 Bb7 8. Bd3 c5
9. dxc5 Nxc5 10. Nf4 Rc8 11. Nd1 Nf6 12. c3 e5 13. Ne2 d5 14. exd5 Nxd5 15.
Bxc5 Rxc5 16. Be4 f5 17. Bc2 Qh4+ 18. g3 Qh5 19. O-O Bh6 20. Qe1 Ne3 21. Nxe3
Bxe3+ 22. Kg2 O-O 23. Rd1 g5 24. Rd7 Bc6 25. Rd3 f4 26. Bb3+ Kh8 27. Qd1 g4 28.
Bd5 Bxd5 29. Rxd5 Qh3+ 0-1

[Event "Championnat de France - Vétérans"]
[Site "PAU"]
[Date "2012.08.17"]
[Round "4.6"]
[White "Hirschmann, Georges"]
[Black "Grizou, Regis"]
[Result "0-1"]
[WhiteElo "1815"]
[BlackElo "2159"]
[PlyCount "32"]

1. d4 d5 2. c4 e6 3. Nc3 Bb4 4. Nf3 dxc4 5. e3 b5 6. a4 c6 7. axb5 cxb5 8. Ne5
Nf6 9. Qf3 Qd5 10. Qg3 O-O 11. Bd2 Bxc3 12. Bxc3 Ne4 13. Qh4 Nxc3 14. bxc3 Nc6
15. e4 Qd6 16. Be2 Nxd4 0-1

[Event "Championnat de France - Vétérans"]
[Site "PAU"]
[Date "2012.08.17"]
[Round "4.7"]
[White "Rundstrom, Douglas"]
[Black "Birens, Eric-Andre"]
[Result "0-1"]
[WhiteElo "1808"]
[BlackElo "1955"]
[PlyCount "120"]

1. d4 Nf6 2. c4 c5 3. d5 e6 4. Nc3 exd5 5. Nxd5 Nxd5 6. cxd5 g6 7. Qc2 d6 8. e4
Bg7 9. Nf3 O-O 10. Bd3 b5 11. O-O Bd7 12. Re1 Na6 13. Bf1 Re8 14. Bg5 Qc7 15.
Rac1 Rab8 16. a3 Bg4 17. Nd2 h6 18. Be3 Qe7 19. f3 Bd7 20. Nb3 f5 21. exf5 Bxf5
22. Qd2 Qf8 23. g4 Bd7 24. Kg2 Nc7 25. Na5 Kh7 26. b4 Re5 27. bxc5 Rxd5 28. Qc2
dxc5 29. Bxc5 Qg8 30. Bd3 Ne6 31. Bxg6+ Kh8 32. Be3 Nd4 33. Bxd4 Bxd4 34. Qe4
Bg7 35. Nc6 Bxc6 36. Rxc6 Re5 37. Qb1 Rxe1 38. Qxe1 Qa2+ 39. Kg3 Qd5 40. Qe4
Qxe4 41. Bxe4 a5 42. Rc2 b4 43. axb4 axb4 44. Bf5 Bc3 45. f4 Kg7 46. Kf3 Kf6
47. Be4 Rd8 48. h4 Rh8 49. g5+ hxg5 50. fxg5+ Ke5 51. g6 Rf8+ 52. Kg4 Kxe4 53.
Re2+ Kd3 54. Rg2 b3 55. Rg3+ Kc2 56. Rg2+ Bd2 57. Rxd2+ Kxd2 58. h5 b2 59. g7
Rf1 60. h6 b1=Q 0-1

[Event "Championnat de France - Vétérans"]
[Site "PAU"]
[Date "2012.08.17"]
[Round "4.8"]
[White "Molet, Asher"]
[Black "Cousin, Philippe"]
[Result "1-0"]
[WhiteElo "1814"]
[BlackElo "1932"]
[PlyCount "88"]

1. d4 Nf6 2. Bf4 d5 3. Nf3 c5 4. e3 e6 5. Nbd2 Nc6 6. c3 Bd6 7. Bg3 O-O 8. Bd3
cxd4 9. exd4 Re8 10. Ne5 Bxe5 11. dxe5 Nd7 12. Nf3 Nc5 13. Bc2 f5 14. exf6 Qxf6
15. O-O b6 16. Re1 Bb7 17. Ne5 Nxe5 18. Bxe5 Qf7 19. Qd4 Ne4 20. f3 Nf6 21. Re3
Rac8 22. b3 Nd7 23. Bg3 Qf6 24. Be5 Nxe5 25. Rxe5 Rc5 26. Rae1 Bc8 27. Bd3 Bd7
28. c4 Ra5 29. a4 Bc6 30. Qe3 d4 31. Qe2 Rxe5 32. Qxe5 Qxe5 33. Rxe5 g6 34. f4
Kf7 35. Kf2 Rd8 36. g3 Kf6 37. Ke2 Re8 38. Be4 Bxe4 39. Rxe4 e5 40. Kd3 Kf5 41.
fxe5 Rxe5 42. Rxd4 Re1 43. Rf4+ Ke5 44. Rf7 h5 1-0

[Event "Championnat de France - Vétérans"]
[Site "PAU"]
[Date "2012.08.17"]
[Round "4.9"]
[White "Fayolle, Guy"]
[Black "Hodot, Yves"]
[Result "1-0"]
[WhiteElo "1781"]
[BlackElo "1903"]
[PlyCount "67"]

1. e4 e6 2. d4 d5 3. Nd2 Nf6 4. e5 Nfd7 5. f4 c5 6. c3 cxd4 7. cxd4 Bb4 8. Qg4
g6 9. a3 Ba5 10. b4 Bb6 11. Nb3 Nc6 12. Nf3 Qe7 13. h4 h5 14. Qg3 Nd8 15. Bd2
Nf8 16. Rc1 Bd7 17. Bd3 a5 18. Nc5 axb4 19. Bxb4 Ba5 20. O-O Nc6 21. Nxb7 Bxb4
22. axb4 Nh7 23. Nd6+ Kf8 24. b5 Nb4 25. Be2 Ra2 26. Qe1 Kg7 27. Qxb4 Rxe2 28.
Nf5+ gxf5 29. Qxe7 Bxb5 30. Rc7 Rf8 31. Ng5 Bd3 32. Nxe6+ Kg8 33. Nxf8 Be4 34.
Qxf7+ 1-0

[Event "Championnat de France - Vétérans"]
[Site "PAU"]
[Date "2012.08.17"]
[Round "4.10"]
[White "Engel, Gerard"]
[Black "Rosenfeld, Imre"]
[Result "0-1"]
[WhiteElo "1676"]
[BlackElo "1898"]
[PlyCount "50"]

1. c4 e5 2. Nc3 Nf6 3. g3 d5 4. cxd5 Nxd5 5. Bg2 Nb6 6. d3 Nc6 7. Nf3 Be7 8.
O-O O-O 9. a3 Be6 10. b4 a5 11. b5 Nd4 12. Nxd4 exd4 13. Na4 Bd5 14. Nxb6 cxb6
15. Bxd5 Qxd5 16. Qa4 Rfe8 17. Rd1 Bc5 18. Qc2 Re6 19. Re1 Rae8 20. e4 dxe3 21.
Bxe3 Rxe3 22. fxe3 Rxe3 23. d4 Rxe1+ 24. Rxe1 Bxd4+ 25. Kf1 Qf3+ 0-1

[Event "Championnat de France - Vétérans"]
[Site "PAU"]
[Date "2012.08.18"]
[Round "5.1"]
[White "Hoyer, Hans-Gerd"]
[Black "Giffard, Nicolas"]
[Result "1/2-1/2"]
[WhiteElo "1990"]
[BlackElo "2363"]
[PlyCount "76"]

1. e4 d5 2. d3 dxe4 3. dxe4 Qxd1+ 4. Kxd1 Nc6 5. c3 f5 6. Bd3 Ne5 7. Bc2 fxe4
8. Bxe4 Nf6 9. Bc2 Bg4+ 10. f3 O-O-O+ 11. Ke2 Bd7 12. a4 Ng6 13. Nd2 Nf4+ 14.
Kf1 Be6 15. Ne2 g5 16. Nd4 Bd5 17. g3 Ng6 18. Bf5+ Kb8 19. Ne6 Bxe6 20. Bxe6
Ne5 21. Bf5 Bg7 22. Ke2 h6 23. Nb3 e6 24. Bc2 Nc6 25. Be3 Nd5 26. Bd2 Nb6 27.
Be4 Rd6 28. Rhd1 Nc4 29. Bc1 Rxd1 30. Kxd1 Rd8+ 31. Ke2 Rd6 32. Nd2 N6a5 33.
Nxc4 Nxc4 34. Bd3 Ne5 35. Be4 Nc4 36. Bd3 Ne5 37. Be4 Nc4 38. Bd3 Ne5 1/2-1/2

[Event "Championnat de France - Vétérans"]
[Site "PAU"]
[Date "2012.08.18"]
[Round "5.2"]
[White "Weill, Roland"]
[Black "Violeau, Jean-Luc"]
[Result "1-0"]
[WhiteElo "2185"]
[BlackElo "1887"]
[PlyCount "103"]

1. e4 e6 2. d3 d5 3. Nd2 e5 4. Ngf3 Nc6 5. Be2 Nf6 6. O-O Bc5 7. c3 dxe4 8.
dxe4 O-O 9. a4 a5 10. Qc2 Qe7 11. Nc4 Bg4 12. Ne3 Be6 13. Bb5 Bxe3 14. Bxe3 Bd7
15. Bg5 Rad8 16. Rfe1 Nb8 17. Bf1 Bc6 18. Nd2 h6 19. Bh4 g5 20. Bg3 Nh5 21. Nc4
Nxg3 22. hxg3 b6 23. b4 axb4 24. cxb4 Bb7 25. Ne3 Rd7 26. b5 Rfd8 27. Qc3 Kh7
28. Rac1 c6 29. Nc4 cxb5 30. axb5 Rc7 31. Qxe5 Qxe5 32. Nxe5 Rxc1 33. Rxc1 Bxe4
34. Nxf7 Rd7 35. Ne5 Re7 36. Nc4 Nd7 37. Re1 Re6 38. Nxb6 Nxb6 39. Rxe4 Rd6 40.
Re7+ Kg6 41. Rc7 Kf6 42. f4 Kf5 43. Rc6 Ke6 44. Rxd6+ Kxd6 45. Kf2 Kc5 46. Kf3
Nd5 47. Ke4 Kd6 48. Bc4 Nf6+ 49. Kf5 Nh5 50. fxg5 hxg5 51. g4 Nf4 52. g3 1-0

[Event "Championnat de France - Vétérans"]
[Site "PAU"]
[Date "2012.08.18"]
[Round "5.3"]
[White "Dussol, Pierre"]
[Black "Molet, Asher"]
[Result "1-0"]
[WhiteElo "2210"]
[BlackElo "1814"]
[PlyCount "63"]

1. e4 c5 2. Nf3 Nc6 3. Nc3 d6 4. d4 cxd4 5. Nxd4 Nf6 6. Bc4 e6 7. Be3 Be7 8.
Qe2 a6 9. O-O-O Qc7 10. f3 O-O 11. g4 Nxd4 12. Bxd4 b5 13. Bb3 Bb7 14. g5 Nd7
15. g6 Bg5+ 16. Kb1 hxg6 17. h4 Bf6 18. h5 g5 19. Bxf6 Nxf6 20. h6 g6 21. h7+
Kg7 22. Qh2 Kh8 23. Rxd6 Qe7 24. Qe5 Rad8 25. Rxd8 Rxd8 26. a3 Kg7 27. Bd5 Bc8
28. Bc6 Rh8 29. Nd5 Qf8 30. Nc7 Bd7 31. Rd1 Kxh7 32. Bxd7 1-0

[Event "Championnat de France - Vétérans"]
[Site "PAU"]
[Date "2012.08.18"]
[Round "5.4"]
[White "Grizou, Regis"]
[Black "Darrigues, Alain"]
[Result "0-1"]
[WhiteElo "2159"]
[BlackElo "1955"]
[PlyCount "71"]

1. d4 Nf6 2. Nf3 g6 3. c4 Bg7 4. g3 O-O 5. Bg2 d6 6. O-O c5 7. dxc5 dxc5 8. Ne5
Qb6 9. Qb3 Nbd7 10. Nd3 Re8 11. Nc3 Rb8 12. h3 Qd8 13. Rd1 b6 14. Bf4 Bb7 15.
Bxb8 Qxb8 16. Bxb7 Qxb7 17. Qc2 h5 18. Nf4 Ne5 19. Ncd5 e6 20. Nxf6+ Bxf6 21.
Rab1 a5 22. b3 Kg7 23. a3 h4 24. b4 hxg3 25. fxg3 axb4 26. axb4 cxb4 27. Rxb4
Qc7 28. Rb5 Rh8 29. Qe4 g5 30. Nd3 Nxc4 31. Qg4 Ne3 32. Rxg5+ Kf8 33. Qb4+ Be7
34. Qd4 Bxg5 35. Qxh8+ Ke7 36. Ne5 0-1

[Event "Championnat de France - Vétérans"]
[Site "PAU"]
[Date "2012.08.18"]
[Round "5.5"]
[White "Rosenfeld, Imre"]
[Black "Ruiz, Richard"]
[Result "0-1"]
[WhiteElo "1898"]
[BlackElo "2119"]
[PlyCount "100"]

1. d4 d6 2. Nf3 Bg4 3. e3 Nf6 4. c3 c6 5. Qb3 Qb6 6. Nbd2 Nbd7 7. Bd3 e6 8. O-O
Be7 9. e4 e5 10. dxe5 dxe5 11. Qxb6 axb6 12. Bc2 O-O 13. h3 Bh5 14. g4 Bg6 15.
Nh4 Rfe8 16. Nxg6 hxg6 17. Nc4 b5 18. Ne3 Nc5 19. f3 Red8 20. Rd1 Ne6 21. Nf1
b4 22. Be3 bxc3 23. bxc3 Nd7 24. Nd2 Bc5 25. Bxc5 Ndxc5 26. Nc4 f6 27. Rxd8+
Nxd8 28. Kf2 Nde6 29. Nb2 Ra3 30. Nd1 g5 31. Ke3 Nf4 32. Kd2 Nxh3 33. Nb2 b5
34. Nd3 Nxd3 35. Bb3+ Kf8 36. Kxd3 c5 37. Bd5 Nf4+ 38. Kd2 Nxd5 39. exd5 Ke7
40. Kc2 Kd6 41. Kb2 b4 42. cxb4 cxb4 43. Rh1 Rxf3 44. Rh7 Kxd5 45. Rxg7 Rf4 46.
Rf7 Ke6 47. Rb7 Rxg4 48. Rb6+ Kf5 49. Kb3 Rd4 50. Rxb4 Rxb4+ 0-1

[Event "Championnat de France - Vétérans"]
[Site "PAU"]
[Date "2012.08.18"]
[Round "5.6"]
[White "Tilquin, Jean-Pierre"]
[Black "Fernandez, Clement"]
[Result "1-0"]
[WhiteElo "2000"]
[BlackElo "1725"]
[PlyCount "63"]

1. d4 d5 2. Nf3 Nf6 3. c4 c6 4. e3 Bg4 5. Nc3 e6 6. h3 Bh5 7. g4 Bg6 8. Ne5
Nbd7 9. h4 h6 10. Nxg6 fxg6 11. Bd3 Qe7 12. Bxg6+ Kd8 13. Bd3 e5 14. dxe5 Qxe5
15. f4 Qe8 16. cxd5 Bc5 17. dxc6 bxc6 18. Qf3 h5 19. g5 Ng4 20. Ne4 Bb4+ 21.
Bd2 Bxd2+ 22. Kxd2 Rf8 23. Qe2 Rb8 24. b3 Qe7 25. Rhc1 Qb4+ 26. Rc3 Re8 27. a3
Qa5 28. Bc2 Rb5 29. Qc4 Rd5+ 30. Ke2 Qb6 31. Qxc6 Rxe4 32. Bxe4 1-0

[Event "Championnat de France - Vétérans"]
[Site "PAU"]
[Date "2012.08.18"]
[Round "5.7"]
[White "Birens, Eric-Andre"]
[Black "Fayolle, Guy"]
[Result "1/2-1/2"]
[WhiteElo "1955"]
[BlackElo "1781"]
[Annotator "Rivier,Sylvain"]
[PlyCount "107"]

1. d4 Nf6 2. c4 g6 3. Nc3 Bg7 4. e4 d6 5. f4 O-O 6. Nf3 c5 7. d5 e6 8. Be2 exd5
9. cxd5 Re8 10. e5 dxe5 11. fxe5 Ng4 12. Bg5 f6 13. exf6 Bxf6 14. Qd2 Bxg5 15.
Qxg5 Qxg5 16. Nxg5 a6 17. a4 Bf5 18. h3 Ne3 19. Kf2 Nc2 20. Rac1 Nd4 21. Bc4 h6
22. d6+ Kg7 23. Nf3 Nbc6 24. g4 Be6 25. Nxd4 Nxd4 26. Bxe6 Rxe6 27. Rhe1 Rf8+
28. Kg2 Rxd6 29. Re7+ Rf7 30. Rxf7+ Kxf7 31. Ne4 Re6 32. Rf1+ Ke7 33. Nxc5 Rb6
34. Rf2 Kd6 35. Nd3 Kd5 36. a5 Rd6 37. Rf7 Nb3 38. Rxb7 Nxa5 39. Rb4 Nc4 40. b3
Ne5 41. Nf4+ Kc5 42. Re4 Nd3 43. Ne2 Rf6 44. Rc4+ Kb6 45. Nd4 Ne5 46. Rc8 Rd6
47. Ne2 Kb5 48. Re8 Nd3 49. h4 Kb4 50. Rb8+ Ka3 51. Kg3 Nb4 52. Rh8 g5 53. hxg5
hxg5 54. Rg8 {suite illisible} 1/2-1/2

[Event "Championnat de France - Vétérans"]
[Site "PAU"]
[Date "2012.08.18"]
[Round "5.8"]
[White "Mounier, Michel"]
[Black "Andrieu, Philippe"]
[Result "0-1"]
[WhiteElo "1870"]
[BlackElo "1890"]
[PlyCount "158"]

1. e4 c5 2. c3 Nf6 3. e5 Nd5 4. d4 e6 5. Nf3 cxd4 6. cxd4 b6 7. Nc3 Bb4 8. Bd2
Bb7 9. Ne4 Be7 10. a3 Ne3 11. Nd6+ Bxd6 12. Bxe3 Be7 13. Bd3 Na6 14. Qe2 Nc7
15. O-O Nd5 16. Rac1 O-O 17. Nd2 f5 18. f4 Qe8 19. Nf3 Qg6 20. Bd2 Qh6 21. g3
Qg6 22. Ba6 Bc6 23. Bb5 Rfc8 24. Rc2 h5 25. Rfc1 h4 26. Kf2 Qe8 27. Bxc6 dxc6
28. gxh4 Qh5 29. Rxc6 Bxh4+ 30. Kf1 Rxc6 31. Rxc6 Qe8 32. Qc4 Bd8 33. Kf2 a6
34. Qc1 b5 35. h4 a5 36. Ng5 Qh5 37. Qh1 Bxg5 38. fxg5 Qg4 39. Be3 f4 40. Bc1
f3 41. Be3 Qe4 42. Qc1 Qxh4+ 43. Kxf3 Rf8+ 44. Ke2 Qg4+ 45. Kd3 Nxe3 46. Rc8
Nc4 47. Rxf8+ Kxf8 48. b3 Qf3+ 49. Kc2 Qe4+ 50. Kd1 Qxd4+ 51. Ke2 Qxe5+ 52. Kd3
Qf5+ 53. Ke2 Qg4+ 54. Kf2 Qd4+ 55. Ke2 Nd6 56. Qc7 Qe5+ 57. Kd1 Qd4+ 58. Kc1
Ne8 59. Qxa5 Qc5+ 60. Kb2 Qxg5 61. Qb4+ Kg8 62. Qe4 Qf6+ 63. Kc1 g5 64. Qc6
Qf4+ 65. Kd1 Qd6+ 66. Qxd6 Nxd6 67. a4 bxa4 68. bxa4 Kf7 69. a5 Kf6 70. a6 Nc8
71. Ke2 Kf5 72. Kf3 g4+ 73. Kg3 Kg5 74. Kg2 Kf4 75. Kf2 e5 76. Kg2 g3 77. Kg1
Ke3 78. Kg2 e4 79. Kxg3 Kd2 0-1

[Event "Championnat de France - Vétérans"]
[Site "PAU"]
[Date "2012.08.18"]
[Round "5.9"]
[White "Siberchicot, Robert"]
[Black "Pinchon, Henri"]
[Result "1/2-1/2"]
[WhiteElo "1801"]
[BlackElo "1886"]
[PlyCount "143"]

1. e4 c5 2. Nf3 e6 3. c3 Nc6 4. d4 cxd4 5. cxd4 d5 6. exd5 Qxd5 7. Nc3 Bb4 8.
Be2 Nf6 9. O-O Bxc3 10. bxc3 O-O 11. c4 Qa5 12. Qb3 h6 13. Bb2 Ne7 14. Rfd1 Ne4
15. Bd3 Ng5 16. Nxg5 Qxg5 17. Be4 Nf5 18. Rd3 Qf4 19. Bxf5 Qxf5 20. Rg3 f6 21.
Rd1 b6 22. d5 exd5 23. cxd5 Kh8 24. Qd3 Rd8 25. Qd4 Ba6 26. d6 Rd7 27. Re3 Rad8
28. Ba3 Qh5 29. Rde1 Qg6 30. Qe4 Qf7 31. Qe6 Bc4 32. Qxf7 Bxf7 33. Re7 Bxa2 34.
Rxd7 Rxd7 35. Re8+ Kh7 36. Re7 Rxe7 37. dxe7 Bf7 38. Kf1 Kg6 39. Ke1 Be8 40.
Kd2 a5 41. Kc3 b5 42. Bc5 Kf7 43. Bb6 a4 44. Bc5 g5 45. Kd4 g4 46. g3 Ke6 47.
Bb4 h5 48. Ba3 Kf5 49. Bb4 Ke6 50. Ba3 Kd7 51. Bb4 Kc6 52. Bc5 Bf7 53. Bb4 Kb6
54. Kc3 Bg6 55. Kd4 Kc6 56. Bc5 Be8 57. Bb4 Kd7 58. Bc5 Ke6 59. Bb4 Kf5 60. Ba3
Kg5 61. Bc1+ Kg6 62. Ba3 h4 63. Kd5 hxg3 64. hxg3 Kf5 65. Kd4 Ke6 66. Bb4 f5
67. Ba3 Kf6 68. Bb4 Bd7 69. Ba3 Be8 70. Bb4 Bd7 71. Ba3 Be8 72. Bb4 1/2-1/2

[Event "Championnat de France - Vétérans"]
[Site "PAU"]
[Date "2012.08.18"]
[Round "5.10"]
[White "Coussot, Jean-Claude"]
[Black "Pont, Jean-Claude"]
[Result "1-0"]
[WhiteElo "1813"]
[BlackElo "1865"]
[PlyCount "70"]

1. d4 d5 2. Nc3 c6 3. e4 dxe4 4. Nxe4 Bf5 5. Ng3 Bg6 6. h4 h6 7. h5 Bh7 8. Nf3
Nd7 9. Bd3 Bxd3 10. Qxd3 e6 11. Bf4 Qa5+ 12. Bd2 Bb4 13. c3 Bd6 14. c4 Qc7 15.
Ne4 Be7 16. O-O-O Ngf6 17. Ng3 b5 18. c5 Nd5 19. a3 a5 20. b3 O-O 21. Kb2 Kh8
22. Ne4 N7f6 23. Ne5 Nxe4 24. Qxe4 Bf6 25. f4 Rfd8 26. g4 Bxe5 27. fxe5 b4 28.
a4 Qd7 29. g5 hxg5 30. Bxg5 Nc3 31. Qh4 Nxd1+ 32. Rxd1 Re8 33. Rg1 Ra7 34. Bf6
Qxd4+ 35. Qxd4 gxf6 1-0

[Event "Championnat de France - Vétérans"]
[Site "PAU"]
[Date "2012.08.19"]
[Round "6.1"]
[White "Giffard, Nicolas"]
[Black "Weill, Roland"]
[Result "0-1"]
[WhiteElo "2363"]
[BlackElo "2185"]
[PlyCount "84"]

1. d4 Nf6 2. c4 c5 3. d5 e5 4. Nc3 d6 5. e4 Be7 6. h3 Nbd7 7. Nf3 Nf8 8. Be3
Ng6 9. Qc1 h5 10. h4 Ng4 11. g3 f5 12. exf5 Bxf5 13. Nd2 Nxe3 14. fxe3 e4 15.
Qc2 Ne5 16. Ncxe4 O-O 17. Be2 g6 18. O-O-O a6 19. Rdf1 b5 20. Rf4 Qa5 21. Kb1
Ng4 22. Bxg4 hxg4 23. Ka1 Kg7 24. Qc1 Rab8 25. Rhf1 Qb4 26. Nc3 Bd3 27. Rxf8
Rxf8 28. Rxf8 Bxf8 29. a3 Qa5 30. Nb3 Qb6 31. cxb5 axb5 32. Qd1 Bf5 33. Qf1 b4
34. Qb5 Qa7 35. Nb1 Be7 36. Qa5 Qb7 37. axb4 Qxd5 38. Nd4 Bxb1 39. bxc5 Bd3 40.
Qa7 Kh6 41. c6 Bd8 42. b3 Ba5 0-1

[Event "Championnat de France - Vétérans"]
[Site "PAU"]
[Date "2012.08.19"]
[Round "6.2"]
[White "Hoyer, Hans-Gerd"]
[Black "Dussol, Pierre"]
[Result "1/2-1/2"]
[WhiteElo "1990"]
[BlackElo "2210"]
[PlyCount "139"]

1. e4 g6 2. g3 c5 3. Bg2 Nc6 4. Nf3 Bg7 5. d3 d6 6. Nbd2 e5 7. a4 Nge7 8. Nc4
O-O 9. O-O f5 10. c3 h6 11. b4 cxb4 12. cxb4 fxe4 13. dxe4 d5 14. Ne3 dxe4 15.
Nd2 Be6 16. Rb1 Nd4 17. Bxe4 Bh3 18. Bg2 Bxg2 19. Kxg2 Rc8 20. Bb2 Nd5 21. Bxd4
exd4 22. Nxd5 Qxd5+ 23. Kg1 Rc3 24. Qg4 Rc2 25. Qe4 Qxe4 26. Nxe4 b6 27. a5 Rd8
28. axb6 axb6 29. Rfd1 d3 30. Kf1 Rd4 31. Nd2 b5 32. Nb3 Rd5 33. Nc5 Rc3 34.
Rd2 Bf8 35. Ne4 Rc6 36. Rbd1 Rd4 37. Nc5 Rxb4 38. Nxd3 Rd4 39. Ne5 Rxd2 40.
Rxd2 Rb6 41. Rd8 Rd6 42. Nd7 Kf7 43. Rxf8+ Ke7 44. Rb8 Rxd7 45. Rxb5 Rd2 46. h4
h5 47. Kg2 Rd4 48. Kf3 Kf6 49. Ke3 Ra4 50. Rd5 Ra1 51. f3 Kg7 52. Ke4 Rg1 53.
Kf4 Kf6 54. Rd2 Kg7 55. Ra2 Kf6 56. Ra6+ Kg7 57. g4 hxg4 58. fxg4 Rb1 59. Ra7+
Kf6 60. Ra6+ Kg7 61. Ra5 Rb7 62. Kg5 Rc7 63. Rb5 Ra7 64. Rc5 Rb7 65. Ra5 Rc7
66. Rb5 Ra7 67. Rc5 Rb7 68. Ra5 Rc7 69. Rb5 Ra7 70. Rc5 1/2-1/2

[Event "Championnat de France - Vétérans"]
[Site "PAU"]
[Date "2012.08.19"]
[Round "6.3"]
[White "Darrigues, Alain"]
[Black "Tilquin, Jean-Pierre"]
[Result "0-1"]
[WhiteElo "1955"]
[BlackElo "2000"]
[PlyCount "82"]

1. d4 Nf6 2. c4 g6 3. Nc3 d5 4. Nf3 Bg7 5. Qb3 dxc4 6. Qxc4 O-O 7. e4 Na6 8.
Be2 c5 9. d5 e6 10. Bg5 exd5 11. exd5 h6 12. Bh4 Qb6 13. O-O Bf5 14. a3 Rfe8
15. Rfd1 Qxb2 16. Ra2 Qb6 17. Nd2 Nd7 18. Bg3 Ne5 19. Bxe5 Bxe5 20. Bf3 Qa5 21.
Nce4 b5 22. Qc1 c4 23. g4 Bd7 24. Nb1 Bg7 25. Nbc3 f5 26. gxf5 gxf5 27. d6 fxe4
28. Nxe4 Rad8 29. Re2 Rf8 30. Re3 Qb6 31. Qd2 Be6 32. Nc3 Nc5 33. Bd5 Rxd6 34.
Rxe6 Rxe6 35. Qe3 Kh8 36. Bxe6 Nxe6 37. Qxb6 axb6 38. Nxb5 Rf5 39. Nd6 Rc5 40.
Ne4 Rc6 41. Kf1 c3 0-1